| 000 | 00712nam a2200217Ia 4500 | ||
|---|---|---|---|
| 005 | 20251020182518.0 | ||
| 008 | 200515s9999 xx 000 0 und d | ||
| 020 | _a84-342-2219-1 | ||
| 082 | _a684.72/G45 | ||
| 100 | _aGibert, Vincen | ||
| 100 | _aLópez, Josep | ||
| 245 | 0 | _aTapicería | |
| 260 | _aSantafé de Bogotá, D.C. | ||
| 260 | _c1999 | ||
| 300 | _bil. | ||
| 500 | _a1 ejemplar | ||
| 520 | _aSe explica de forma extensa y precisa el oficio de tapicero. En él se describe el material y las herramientas que se utilizan habitualmente, así como las distintas técnicas que se pueden aplicar en el proceso del tapizado de un mueble | ||
| 650 | _aTAPICERIA | ||
| 942 | _cLIB | ||
| 999 |
_c1656 _d1656 |
||